Medzinárodné politické vzťahy

Salvato in:
Dettagli Bibliografici
Autore principale: Škvrnda, František
Ente Autore: Ekonomická univerzita v Bratislave. Fakulta medzinárodných vzťahov
Altri autori: Liďák, Ján, Plávková, Oľga, Weiss, Peter, Juza, Peter, Rusiňák, Peter
Natura: Libro
Lingua:slovacco
Pubblicazione: Bratislava Vydavateľstvo EKONÓM 2010
Soggetti:
Tags: Aggiungi Tag
Nessun Tag, puoi essere il primo ad aggiungerne!!

MARC

LEADER 00000nam$a2200000$$$4500
001 0113326
005 20240502072247.6
020 |a 978-80-225-2918-1 
041 0 |a slo 
044 |a SK 
245 1 0 |a Medzinárodné politické vzťahy  |c František Škvrnda a kolektív 
264 1 |a Bratislava  |b Vydavateľstvo EKONÓM  |c 2010 
300 |a 229 s. [15,728 AH] 
610 2 0 |a politika medzinárodná 
610 2 0 |a vzťahy politické medzinárodné 
610 2 0 |a vzťahy medzinárodné 
610 2 0 |a história 
610 2 0 |a štát 
610 2 0 |a národ 
610 2 0 |a politika zahraničná 
610 2 0 |a bezpečnosť medzinárodná 
610 2 0 |a integrácia ekonomická medzinárodná 
610 2 0 |a globalizácia 
100 1 |a Škvrnda, František 
700 1 |a Liďák, Ján 
700 1 |a Plávková, Oľga 
700 1 |a Weiss, Peter 
700 1 |a Juza, Peter 
700 1 |a Rusiňák, Peter 
710 2 |a Ekonomická univerzita v Bratislave. Fakulta medzinárodných vzťahov